LEADER 01412nam a2200301 i 4500 001 991001534099707536 008 030403s2001 nyu 001 0 eng 020 $a0387952969 (alk. paper) 035 $ab1216088x-39ule_inst 040 $aFac. Economia$bita 082 00$a519.535$221 100 1 $aChristensen, Ronald,$d1951-$066381 245 10$aAdvanced linear modeling :$bmultivariate, time series, and spatial data; nonparametric regression and response surface maximization /$cRonald Christensen 250 $a2nd ed. 260 $aNew York :$bSpringer,$cc2001 300 $axiii, 398 p. :$bill. ;$c24 cm. 440 0$aSpringer texts in statistics 500 $aOriginally published: Linear models for multivariate, time series, and spatial data. New York : Springer-Verlag, c1991. 504 $aIncludes bibliographical references (p. [377]-389) and indexes. 546 $aEnglish 650 0$aLinear models (Statistics) 700 1 $aChristensen, Ronald,$d1951-$tLinear models for multivariate, time series, and spatial data$eauthor$4http://id.loc.gov/vocabulary/relators/aut 907 $a.b1216088x$b21-09-06$c03-04-03 912 $a991001534099707536 945 $aLE025 ECO 519 CHR01.01$g1$i2025000083394$lle025$op$pE0.00$q-$rl$s- $t0$u1$v3$w1$x0$y.i12493648$z03-04-03 996 $aAdvanced linear modeling$9147953 997 $aUNISALENTO 998 $ale025$b03-04-03$cm$da $e-$feng$gnyu$h0$i1 LEADER 01264nam a2200277 i 4500 001 991003323529707536 008 200323s nju 000 0 eng d 020 $a9789812381491 035 $ab12410652-39ule_inst 040 $aBibl. Dip.le Aggr. Matematica e Fisica - Sez. Fisica$beng 082 04$a539.72 084 $aLC QC793.2 100 1 $aVeltman, Martinus J.G.$0786421 245 10$aFacts and mysteries in elementary particle physics /$cMartinus J.G. Veltman 260 $aRiver Edge, NJ :$bWorld Scientific Publ.,$cc2003 300 $aviii, 340 p. :$bill. ;$c23 cm 500 $aIncludes index 650 4$aParticles (Nuclear physics) 907 $a.b12410652$b11-01-21$c04-11-03 912 $a991003323529707536 945 $aLE006 53.3.1 VEL$g1$i2006000091633$lle006$o-$pE46.41$q-$rl$s- $t0$u5$v0$w5$x0$y.i12826340$z04-11-03 945 $aLE006 53.3.1 VEL$cCopia 2$g1$i2006000165815$lle006$op$pE19.30$q-$rl$s- $t0$u1$v0$w1$x0$y.i1527651x$z01-06-11 945 $aLE006 Fondo Polezzo 025$cEx libris Stefano Polezzo$g1$i2006000186728$lle006$og$pE19.95$q-$rl$s- $t0$u0$v0$w0$x0$y.i15944414$z11-01-21 996 $aFacts and mysteries in elementary particle physics$91751337 997 $aUNISALENTO 998 $ale006$b23-03-20$cm$da $e-$feng$gnju$h0$i1 LEADER 03265nam 2200385z- 450 001 9910220053303321 005 20210211 035 $a(CKB)3800000000216245 035 $a(oapen)https://directory.doabooks.org/handle/20.500.12854/45605 035 $a(oapen)doab45605 035 $a(EXLCZ)993800000000216245 100 $a20202102d2016 |y 0 101 0 $aeng 135 $aurmn|---annan 181 $ctxt$2rdacontent 182 $cc$2rdamedia 183 $acr$2rdacarrier 200 00$aDysregulation of Autonomic Cardiac Control by Traumatic Stress and Anxiety 210 $cFrontiers Media SA$d2016 215 $a1 online resource (118 p.) 225 1 $aFrontiers Research Topics 311 08$a2-88919-915-0 330 $aCurrent understanding of the interplay between sympathetic and parasympathetic influences on cardiac response to environmental stimuli and subsequent response selection (e.g. maintenance of resting homeostasis, mobilization of defensive response, task performance, tonic immobilization, and/or affiliation) will be explored. Reference will be made to how these processes conjoin with proposed polyvagal theory. Cardiac adjustments to environmental stimuli affect the internal physiological state of the organism as well as the quality of information processing that the individual can perform during the stimulus appraisal stage of the orienting response. Bradyrdia is adaptive in early stages of orientation to novel or potential threat, while greater HRV power serves to facilitate self-regulation, stimulus information processing and appraisal, and appropriate response selection. This issue is devoted to current research findings on how normal patterns of cardiac autonomic regulation of HRV are disrupted in PTSD, impairing sustained attention to the environment and increasing the rate of inappropriate responding to stimuli. Origins of our current state of understanding in the 'intake-rejection' hypothesis will be considered, and how the intake-rejection hypothesis has morphed into present-day Optimal Performance practice. Additionally, empirical data where available will be presented on how dysregulation of the normal pattern of cardiac autonomic regulation by PTSD impairs sustained attention to the environment, and increases the rate of inappropriate responding to stimuli through disinhibition, poor impulse control, emotional withdrawal, over-arousal, and attentional bias. Current research findings are sought that address in controlled, experimental and clinical trials the restorative effects of HRV biofeedback on HRV power, and how increases in HRV power relate to improved attention / immediate memory and self-regulation of affect using outcome measures of cognition, symptoms of PTSD and depression, stress perception, and level of adaptive function. 606 $aPsychology$2bicssc 610 $aAutonomic Nervous System 610 $acardiac psychology 610 $aHeart rate variability 610 $aHrv biofeedback 610 $atraumatic stress 615 7$aPsychology 700 $aJ. P. Ginsberg$4auth$01311544 906 $aBOOK 912 $a9910220053303321 996 $aDysregulation of Autonomic Cardiac Control by Traumatic Stress and Anxiety$93030405 997 $aUNINA